Music Quiz

Random Music or Artist Quiz

50 Cover Songs Quiz Stats

Quiz Updated Aug 11, 2016

Challenge
Share
Tweet
Score 0/50 Timer 12:00
0 Plays Today
Time Song % Correct
0:05Hotel California
85%
2:25Beat It
80.4%
0:35Smooth Criminal
80.1%
0:20I Will Always Love You
78.9%
1:45I Shot The Sheriff
76.6%
0:00Smells Like Teen Spirit
71.8%
3:30Don't Stop Believin'
71.7%
2:00Hallelujah
71%
4:05Tainted Love
70.6%
0:45Your Song
66.7%
0:40Behind Blue Eyes
62.9%
1:55Pinball Wizard
61.6%
3:15Knockin' On Heaven's Door
61.4%
0:15Sweet Dreams (Are Made Of This)
61.2%
2:15Blue Suede Shoes
60.6%
0:10Hurt
59.4%
3:10American Woman
55.5%
1:50All Along The Watchtower
55.3%
2:40Can't Buy Me Love
53.1%
0:25Anarchy In The UK
50%
2:50Iris
48.2%
1:10Seven Nation Army
47.7%
1:25Can't Help Falling In Love
43.8%
2:55Sunshine Of Your Love
42.8%
1:15All Day And All Of The Night
42.5%
Time Song % Correct
2:45Feeling Good
41.1%
3:35Black Dog
40.4%
3:40People Are Strange
36.5%
3:25Gimme Shelter
33.5%
3:00Black Magic Woman
32.3%
1:35Tragedy
30.4%
3:50Where Is My Mind?
26.7%
1:30Personal Jesus
26.4%
4:00Born To Be Wild
26.2%
3:55Waterloo Sunset
21.5%
2:10Bad Company
19.4%
2:20Sunday Bloody Sunday
18.4%
1:05It Ain't Me Babe
16.4%
2:05There Is A Light That Never Goes Out
16%
0:50That's Entertainment
14.7%
2:30High And Dry
14.5%
3:45Just Like Heaven
12.9%
1:00One
12.8%
0:30Baby, I Love You
9%
3:05Children Of The Revolution
8.3%
0:55Say Hello, Wave Goodbye
4.5%
3:20Antmusic
4.1%
1:40Not In Love
3.5%
1:20Ever Fallen In Love (With Someone You Shouldn't've)
2.9%
2:35Bridge Over Troubled Water
2.9%

You're not logged in!

Compare scores with friends on all Sporcle quizzes.
Sign Up with Email
OR
Log In

You Might Also Like...

Show Comments

Extras

Top Quizzes Today


Score Distribution

Your Account Isn't Verified!

In order to create a playlist on Sporcle, you need to verify the email address you used during registration. Go to your Sporcle Settings to finish the process.

Report this User

Report this user for behavior that violates our Community Guidelines.

Details: